000
00317nam a2200109Ia 4500
008
200302s9999 xx 000 0 und d
100
_a
Balkrishna Doshi & Other
245
_a
Amdavad-NI-Gufa Ahmedabad 1990-95
260
_b
Vastu-Shilpa Foundation for Studies & Research
260
_c
2008
300
_a
52 P.,
999
_c
3205
_d
3205